000 01058nam a2200205 a 4500
001 BRCA_1022
005 20190320203239.0
008 111105s2002----mx-a---###---#000-0#spa-d
050 4 _aNC1807.M4
_b.B54 7
_c2002
245 1 0 _a7 [i.e. Séptima] Bienal Internacional del Cartel en México = Siódme Miedzynarodowe Biennale Plakatu Meksyku = Seventh International Biennial of the Poster in Mexico.
260 _aMéxico
_bFonda Nacional para la Cultura y las Artes : Trama Visual AC : UAM : Ministerio de Cultura de la República de Polonia : ICOGRODA
_c2002
300 _a202 p.
_bil. a color
_c30 cm.
500 _aCatálogo de la exposición realizada en el Museo Franz Mayer (Ciudad de México), 28 octubre, 2002 - 30 enero, 2003
546 _aTexto en : español, inglés y polaco
650 1 4 _aCarteles
_vConcursos
_xDiseño
_zMéxico
_93362
650 1 4 _aDiseñadores gráficos
_vExposiciones
_zMéxico
_93363
740 0 _aSiódme Miedzynarodowe Biennale Plakatu Meksyku
740 0 _aSeventh International Biennial of the Poster in Mexico
942 _2lcc
_cB
999 _c902
_d902